Zákon o mediácii - novela

Mediácia je štruktúrovaný postup, pri ktorom sa dve alebo viacero strán sporu dobrovoľne pokúšajú mimosúdne dosiahnuť dohodu o riešení svojho sporu za pomoci mediátora. Základné ciele novely.

Salvato in:
Dettagli Bibliografici
Autore principale: Horváth, Edmund
Natura: Capitolo di libro
Lingua:slovacco
Soggetti:
Tags: Aggiungi Tag
Nessun Tag, puoi essere il primo ad aggiungerne!!

MARC

LEADER 00000naa$a2200000$$$4500
001 0114626
005 20231120083557.6
041 0 |a slo 
044 |a SK 
245 1 0 |a Zákon o mediácii - novela  |c Edmund Horváth 
520 |a Mediácia je štruktúrovaný postup, pri ktorom sa dve alebo viacero strán sporu dobrovoľne pokúšajú mimosúdne dosiahnuť dohodu o riešení svojho sporu za pomoci mediátora. Základné ciele novely. 
610 2 0 |a mediácia 
610 2 0 |a zákony 
610 2 0 |a novelizácia 
610 2 0 |a Slovensko 
100 1 |a Horváth, Edmund